000 00895nam a2200253Ia 4500
003 OSt
005 20220923213001.0
006 a|||||r|||| 00| 0
007 ta
008 220922b |||||||| |||| 00| 0 hin d
024 _a157,912
037 _cTextual
040 _aARTS
_cARTS
_bhin
041 _2hin
_ahin
082 _aO152,1:gN5, N4
100 _aचतुर्वेदी, जगदीश्वर
245 0 _aमार्क्सवाद और आधुनिक हिंदी कविता
246 _aMārksavād aur ādhunik hiandī kavitā
260 _aनई दिल्ली
_b राधा पब्लि0
_c1994
300 _a13]202 पृ.
_ccm.
650 _aहिन्दी साहित्य
_9156264
942 _hO152,1:gN5, N4
_cTEXL
_2CC
999 _c312899
_d312899